| 000 | 00761nam a2200217 a 4500 | ||
|---|---|---|---|
| 001 | 000035050 | ||
| 005 | 20260129095557.0 | ||
| 008 | 111024s1965 ag 000 0 spa d | ||
| 040 |
_aDO-SdBNP _bspa _cBNPHU |
||
| 082 |
_a150.19 _bW215f |
||
| 100 | 1 |
_aWallon, Henri _960363 |
|
| 245 | 1 | 0 |
_aFundamentos dialécticos de la psicología : _bestudios y artículos / _chenri Wallon. |
| 260 |
_aBuenos Aires, Argentina : _bProteo, _c1965. |
||
| 300 |
_a176 p. ; _c20 cm. |
||
| 490 | 1 |
_aBiblioteca persona y sociedad _v2 |
|
| 590 | _aPerteneció a la biblioteca personal de Juan Isidro Jimenes Grullón | ||
| 650 | 0 |
_aPsicología _9152 |
|
| 650 | 0 |
_aPersonalidad _9395 |
|
| 830 | 0 |
_aBiblioteca persona y sociedad _n2 _960686 |
|
| 910 | _aValidado. Control de calidad MFF | ||
| 999 |
_c34541 _d34541 |
||